[Event "Basel Hilton op 12th"]
[Site "Basel"]
[Date "2010.01.03"]
[Round "4"]
[White "Siebrecht, Raphaelle"]
[Black "Giertz, Niklaus"]
[Result "1/2-1/2"]
[WhiteElo "2177"]
[BlackElo "2265"]
[PlyCount "90"]
[EventDate "2010.01.01"]
[EventType "swiss"]
[EventRounds "7"]
[EventCountry "SUI"]
[SourceTitle "CBM 134 Extra"]
[Source "ChessBase"]
[SourceDate "2010.03.03"]
[SourceVersion "1"]
[SourceVersionDate "2010.03.03"]
[SourceQuality "1"]

1. c4 c5 2. Nc3 Nc6 3. Nf3 Nf6 4. g3 d5 5. cxd5 Nxd5 6. Bg2 g6 7. Qb3 e6 8. 0-0 Bg7 9. e4 Ndb4 10. Na4 Na5 11. Qd1 Nd3 12. Ne1 Nxc1 13. Rxc1 b6 14. e5 Bb7 15. Bxb7 Nxb7 16. Nf3 0-0 17. Re1 Qd3 18. Rc3 Qd5 19. b3 Rfd8 20. Nb2 Qd7 21. Qe2 Na5 22. Qe4 Nc6 23. Nc4 Nd4 24. Ng5 h6 25. Nh3 Qc6 26. f4 Qxe4 27. Rxe4 Rd7 28. Nf2 Rad8 29. Ng4 Nc6 30. Kf1 h5 31. Nge3 Nb4 32. a3 Nd5 33. Rc2 Nxe3+ 34. Rxe3 Bf8 35. Ke2 Rd4 36. Nb2 Be7 37. h4 Kf8 38. Nd3 R4d7 39. Nf2 Rd5 40. Ne4 Ke8 41. Nc3 R5d7 42. Ne4 Rd4 43. Nc3 Rc8 44. Nb5 Rd7 45. a4 Kd8 1/2-1/2

[Event "Bayern-chI Bank Hofmann 13th"]
[Site "Bad Wiessee"]
[Date "2009.11.02"]
[Round "4"]
[White "Siebrecht, Raphaelle"]
[Black "Sharma, Dinesh Kumar"]
[Result "1/2-1/2"]
[WhiteElo "2189"]
[BlackElo "2335"]
[PlyCount "73"]
[EventDate "2009.10.31"]
[EventType "swiss"]
[EventRounds "9"]
[EventCountry "GER"]
[SourceTitle "EXT 2010"]
[Source "ChessBase"]
[SourceDate "2010.11.25"]
[SourceVersion "1"]
[SourceVersionDate "2010.11.25"]
[SourceQuality "1"]

1. c4 e6 2. g3 d5 3. Bg2 Nf6 4. Nf3 Be7 5. 0-0 0-0 6. b3 a5 7. d3 a4 8. Bb2 c6 9. Nbd2 Nbd7 10. Qc2 axb3 11. axb3 Rxa1 12. Bxa1 Qa5 13. Bc3 Bb4 14. Ra1 Qb6 15. Bxb4 Qxb4 16. Ra4 Qe7 17. Qa2 e5 18. Qa3 Qe8 19. e4 dxe4 20. dxe4 b6 21. Qd6 Nc5 22. Ra7 Nfxe4 23. Nxe4 Nxe4 24. Qxe5 Nf6 25. h3 Qd8 26. Qd4 Be6 27. Qxd8 Rxd8 28. Ng5 Bd7 29. Rb7 b5 30. cxb5 cxb5 31. Kh2 Kf8 32. Nf3 Be8 33. Ne5 Rd2 34. Kg1 Rd1+ 35. Kh2 Rd2 36. Kg1 Rd1+ 37. Kh2 1/2-1/2

[Event "FRA-ch (Women)"]
[Site "Val d'Isere"]
[Date "2002.08.19"]
[Round "1"]
[White "Siebrecht, Raphaelle"]
[Black "Lallemand, Roza"]
[Result "1/2-1/2"]
[WhiteElo "2166"]
[BlackElo "2301"]
[PlyCount "146"]
[EventDate "2002.08.19"]
[EventType "tourn"]
[EventRounds "11"]
[EventCountry "FRA"]
[SourceTitle "CBM 089 Extra"]
[Source "ChessBase"]
[SourceDate "2002.09.10"]
[SourceVersion "2"]
[SourceVersionDate "2002.09.10"]
[SourceQuality "1"]

1. c4 g6 2. Nc3 Bg7 3. g3 e5 4. Bg2 d6 5. e3 Nc6 6. d3 f5 7. Nge2 Nf6 8. 0-0 0-0 9. f4 Be6 10. Rb1 Rb8 11. b4 exf4 12. Nxf4 Bf7 13. Ncd5 Ne5 14. b5 Qd7 15. Nb4 Rfe8 16. Qc2 Neg4 17. Re1 g5 18. Nfd5 Nxd5 19. Nxd5 c6 20. bxc6 bxc6 21. Rxb8 Rxb8 22. Qa4 Rb7 23. Nb4 Bc3 24. Bxc6 Rxb4 25. Bxd7 Rxa4 26. Re2 Ra5 27. Rc2 Bf6 28. h3 Ne5 29. Bd2 Nf3+ 30. Kf2 Nxd2 31. Rxd2 Kg7 32. Rc2 Rc5 33. Bb5 Rc7 34. d4 f4 35. gxf4 gxf4 36. c5 fxe3+ 37. Kxe3 Re7+ 38. Kd2 dxc5 39. dxc5 Bg5+ 40. Kc3 Re3+ 41. Kb4 Re4+ 42. Ka5 Be3 43. Ka6 Re7 44. Bc6 Bg6 45. Rc3 Bd4 46. Rc1 Rc7 47. Bb5 Bxc5 48. Rc3 Bf5 49. Rg3+ Kf6 50. Rf3 Ke5 51. Ka5 Bd4 52. Kb4 Rc2 53. Rxf5+ Ke4 54. Rh5 Rxa2 55. Rxh7 a5+ 56. Kb3 Rb2+ 57. Ka4 Bc3 58. Bc6+ Kd4 59. Rh4+ Kc5 60. Bd7 Bb4 61. Be6 Re2 62. Rc4+ Kb6 63. Bg4 Ra2+ 64. Kb3 Ra3+ 65. Kb2 Kb5 66. Rc8 Re3 67. Bd7+ Kb6 68. Rc4 Bc5 69. Ka2 Re7 70. Bf5 Re2+ 71. Kb3 Re3+ 72. Ka2 Kb5 73. Re4 Rd3 1/2-1/2

[Event "FRA-ch (Women)"]
[Site "Bescanon"]
[Date "1999.08.27"]
[Round "10"]
[White "Gervais, Claire"]
[Black "Siebrecht, Raphaelle"]
[Result "0-1"]
[WhiteElo "2179"]
[BlackElo "2227"]
[PlyCount "68"]
[EventDate "1999.08.18"]
[EventType "tourn"]
[EventRounds "11"]
[EventCountry "FRA"]
[SourceTitle "CBM 071 Extra"]
[Source "ChessBase"]
[SourceDate "1999.09.14"]
[SourceVersion "1"]
[SourceVersionDate "1999.09.14"]
[SourceQuality "1"]

1. d4 f5 2. c4 Nf6 3. Nc3 e6 4. Bf4 Bb4 5. e3 0-0 6. a3 Bxc3+ 7. bxc3 d6 8. Nf3 Nbd7 9. Qb3 Qe7 10. Bg5 c5 11. Be2 b6 12. 0-0 Bb7 13. Rae1 Qe8 14. Bxf6 Rxf6 15. Nd2 e5 16. f3 Re6 17. d5 Rh6 18. Rf2 Nf6 19. a4 Bc8 20. a5 bxa5 21. Ra1 f4 22. Nf1 Qh5 23. exf4 exf4 24. Bd3 g5 25. g4 Qh3 26. Qd1 Bxg4 27. fxg4 Nxg4 28. Rg2 f3 29. Rb2 f2+ 30. Rxf2 Nxf2 31. Kxf2 Rf8+ 32. Ke1 Rhf6 33. Kd2 Qg2+ 34. Be2 Rxf1 0-1

[Event "FRA-ch (Women)"]
[Site "Bescanon"]
[Date "1999.08.23"]
[Round "6"]
[White "Lebel Arias, Julia"]
[Black "Siebrecht, Raphaelle"]
[Result "1/2-1/2"]
[WhiteElo "2053"]
[BlackElo "2227"]
[PlyCount "57"]
[EventDate "1999.08.18"]
[EventType "tourn"]
[EventRounds "11"]
[EventCountry "FRA"]
[SourceTitle "CBM 071 Extra"]
[Source "ChessBase"]
[SourceDate "1999.09.14"]
[SourceVersion "1"]
[SourceVersionDate "1999.09.14"]
[SourceQuality "1"]

1. e4 c5 2. Nf3 Nc6 3. d4 cxd4 4. Nxd4 g6 5. c4 Bg7 6. Be3 Nf6 7. Nc3 d6 8. Be2 0-0 9. 0-0 Bd7 10. Rc1 Ne5 11. Kh1 Neg4 12. Bg5 Qb6 13. h3 h6 14. Bxf6 Nxf6 15. Nb3 Bc6 16. Qd3 Rac8 17. f4 Nd7 18. Bg4 Rcd8 19. Bxd7 Rxd7 20. f5 g5 21. Rc2 Rc8 22. Rd2 Rdc7 23. Nd4 Bxd4 24. Qxd4 Qxd4 25. Rxd4 f6 26. Rfd1 Kf7 27. b3 a6 28. Nd5 Bxd5 29. exd5 1/2-1/2

[Event "FRA-ch (Women)"]
[Site "Bescanon"]
[Date "1999.08.21"]
[Round "4"]
[White "Siebrecht, Raphaelle"]
[Black "Dacalor, Aurelie"]
[Result "1-0"]
[WhiteElo "2227"]
[BlackElo "2131"]
[PlyCount "61"]
[EventDate "1999.08.18"]
[EventType "tourn"]
[EventRounds "11"]
[EventCountry "FRA"]
[SourceTitle "CBM 071 Extra"]
[Source "ChessBase"]
[SourceDate "1999.09.14"]
[SourceVersion "1"]
[SourceVersionDate "1999.09.14"]
[SourceQuality "1"]

1. c4 e5 2. g3 Bc5 3. Bg2 d6 4. Nc3 c6 5. e3 Be6 6. d4 Bb4 7. Qb3 Qb6 8. Nge2 Ba5 9. 0-0 Qxb3 10. axb3 Bc7 11. Nb5 Na6 12. Rxa6 cxb5 13. Bxb7 Rb8 14. Bc6+ Kd8 15. Bxb5 Bb6 16. dxe5 dxe5 17. Bd2 Ne7 18. Bb4 Nc8 19. Rd1+ Kc7 20. c5 Rd8 21. Rxd8 Kxd8 22. cxb6 axb6 23. Bc4 Bg4 24. Kf1 Rb7 25. Ra8 b5 26. Bd5 Rd7 27. Nc3 Rxd5 28. Nxd5 Bf3 29. Ba5+ Kd7 30. Nb6+ Nxb6 31. Ra7+ 1-0

[Event "FRA-ch (Women)"]
[Site "Bescanon"]
[Date "1999.08.19"]
[Round "2"]
[White "Siebrecht, Raphaelle"]
[Black "Moingt, Anne"]
[Result "1/2-1/2"]
[WhiteElo "2227"]
[BlackElo "2115"]
[PlyCount "147"]
[EventDate "1999.08.18"]
[EventType "tourn"]
[EventRounds "11"]
[EventCountry "FRA"]
[SourceTitle "CBM 071 Extra"]
[Source "ChessBase"]
[SourceDate "1999.09.14"]
[SourceVersion "1"]
[SourceVersionDate "1999.09.14"]
[SourceQuality "1"]

1. c4 e5 2. g3 Nf6 3. Bg2 d5 4. cxd5 Nxd5 5. Nc3 Nb6 6. Nf3 Nc6 7. 0-0 Be7 8. d3 0-0 9. Bd2 Re8 10. Ne4 Bf8 11. Rc1 Nd4 12. Nc5 c6 13. b4 Nd5 14. a3 Qe7 15. e3 Nxf3+ 16. Bxf3 Bh3 17. Re1 Rad8 18. Qb3 Qf6 19. Be4 Re7 20. b5 Qh6 21. bxc6 bxc6 22. Ba5 Rd6 23. Nb7 Rde6 24. Nd8 Nf6 25. Bg2 Ng4 26. Nxc6 Re8 27. Be4 Rf6 28. f4 Nxh2 29. Nxe5 Rxe5 30. fxe5 Nf3+ 31. Bxf3 Rxf3 32. Re2 Rxe3 33. Rxe3 Qxe3+ 34. Kh2 Qxc1 35. Kxh3 Qh1+ 36. Kg4 h5+ 37. Kf4 Qf1+ 38. Ke4 Qg2+ 39. Kf4 Qf2+ 40. Ke4 Qxg3 41. Qb8 f5+ 42. Kd5 Qxd3+ 43. Ke6 Qxa3 44. Qxa7 Qb3+ 45. Kxf5 Qf3+ 46. Ke6 h4 47. Bb6 h3 48. Bg1 h2 49. Bxh2 Qh3+ 50. Kd5 Qxh2 51. Qb8 Qa2+ 52. Ke4 Qe6 53. Qd8 Kf7 54. Qb8 Qc4+ 55. Kf3 Be7 56. Kg2 Qe4+ 57. Kg3 Ke6 58. Qg8+ Kf5 59. Qf7+ Bf6 60. exf6 Qf4+ 61. Kg2 gxf6 62. Qd5+ Kg4 63. Qe6+ Kh4 64. Qh3+ Kg5 65. Qg3+ Kf5 66. Qf3 Ke5 67. Qc3+ Ke6 68. Qc6+ Kf5 69. Qd7+ Kg5 70. Qg7+ Kh4 71. Qh7+ Kg4 72. Qh3+ Kg5 73. Qg3+ Qg4 74. Kf2 1/2-1/2

[Event "FRA-chT3 9899"]
[Site "France"]
[Date "1999.??.??"]
[Round "7"]
[White "Siebrecht, Raphaelle"]
[Black "Rouverol, Guy"]
[Result "1-0"]
[WhiteElo "2180"]
[BlackElo "2060"]
[PlyCount "57"]
[EventDate "1998.??.??"]
[EventType "team"]
[EventRounds "7"]
[EventCountry "FRA"]
[SourceTitle "EXT 2000"]
[Source "ChessBase"]
[SourceDate "1999.11.16"]
[SourceVersion "1"]
[SourceVersionDate "1999.11.16"]
[SourceQuality "1"]

1. c4 Nf6 2. g3 g6 3. Bg2 Bg7 4. Nc3 0-0 5. d3 d6 6. Rb1 a5 7. e3 e5 8. Nge2 c6 9. 0-0 Na6 10. a3 d5 11. b4 axb4 12. axb4 dxc4 13. dxc4 Bf5 14. Rb2 e4 15. Nd4 Bg4 16. Qc2 Qe7 17. Qb1 c5 18. bxc5 Nxc5 19. Ra2 Rfe8 20. Qa1 Rxa2 21. Qxa2 Qd7 22. Qa7 Nd3 23. Ba3 Ne5 24. Rb1 Nc6 25. Qxb7 Nxd4 26. Qxd7 Nxd7 27. exd4 Bxd4 28. Nxe4 f5 29. Nd6 1-0

[Event "FRA-ch (Women)"]
[Site "Meribel"]
[Date "1998.??.??"]
[Round "10"]
[White "Siebrecht, Raphaelle"]
[Black "Bramme, Emmanuelle"]
[Result "1-0"]
[WhiteElo "2195"]
[BlackElo "2150"]
[PlyCount "66"]
[EventDate "1998.08.??"]
[EventType "tourn"]
[EventRounds "11"]
[EventCountry "FRA"]
[SourceTitle "EXT 2000"]
[Source "ChessBase"]
[SourceDate "1999.11.16"]
[SourceVersion "1"]
[SourceVersionDate "1999.11.16"]
[SourceQuality "1"]

1. c4 e6 2. g3 d5 3. Bg2 Nf6 4. Nf3 Be7 5. 0-0 0-0 6. Qc2 c5 7. cxd5 exd5 8. d4 Qb6 9. dxc5 Qxc5 10. Qxc5 Bxc5 11. Nc3 Be6 12. Na4 Be7 13. Be3 Na6 14. Rac1 b6 15. Nd4 Rac8 16. Rxc8 Rxc8 17. Rc1 Rxc1+ 18. Bxc1 Bd7 19. Nc3 Nb4 20. a3 Nc6 21. Ndb5 a6 22. Nc7 d4 23. Na4 d3 24. exd3 Nd4 25. Nc3 a5 26. Be3 Bd8 27. N3d5 Nc2 28. Bxb6 Ne1 29. Nxf6+ Bxf6 30. d4 h5 31. Be4 Bh3 32. Bxa5 Bd8 33. Bxe1 Bxc7 1-0

[Event "FRA-ch (Women)"]
[Site "Meribel"]
[Date "1998.??.??"]
[Round "1"]
[White "Siebrecht, Raphaelle"]
[Black "Klipper, Rebecca"]
[Result "1-0"]
[WhiteElo "2195"]
[BlackElo "2060"]
[PlyCount "95"]
[EventDate "1998.08.??"]
[EventType "tourn"]
[EventRounds "11"]
[EventCountry "FRA"]
[SourceTitle "EXT 2000"]
[Source "ChessBase"]
[SourceDate "1999.11.16"]
[SourceVersion "1"]
[SourceVersionDate "1999.11.16"]
[SourceQuality "1"]

1. c4 c5 2. g3 g6 3. Bg2 Bg7 4. Nc3 Nc6 5. Rb1 Rb8 6. a3 d6 7. Nf3 Bd7 8. 0-0 Nf6 9. b4 b6 10. d3 Qc8 11. Re1 0-0 12. Bg5 h6 13. Bxf6 Bxf6 14. Nd5 Kg7 15. Qc1 Rh8 16. Nd2 Be6 17. Nxf6 exf6 18. Ne4 Qd8 19. bxc5 dxc5 20. Nxc5 Ne5 21. Ne4 f5 22. Qc3 f6 23. Nd2 Rc8 24. a4 Qd7 25. a5 b5 26. a6 bxc4 27. Rb7 Rc7 28. Rxc7 Qxc7 29. Rb1 Bc8 30. Bb7 Bd7 31. Nxc4 Rb8 32. Qb4 Bc6 33. Qc5 Nxc4 34. Qxc4 Qd7 35. Qf4 Qe8 36. h4 Qe5 37. Qxe5 fxe5 38. Rc1 Bb5 39. Rc5 Be8 40. Rxe5 Kf6 41. Rc5 Ke6 42. Kf1 Bd7 43. Ke1 Kd6 44. Rd5+ Ke6 45. Kd2 Bc8 46. Rd8 Rxb7 47. axb7 Bxb7 48. Rh8 1-0

[Event "FRA-chTB 9697"]
[Site "France"]
[Date "1997.??.??"]
[Round "4"]
[White "Szylar, Eric"]
[Black "Siebrecht, Raphaelle"]
[Result "1/2-1/2"]
[WhiteElo "2100"]
[BlackElo "2225"]
[PlyCount "127"]
[EventDate "1997.??.??"]
[EventType "team"]
[EventRounds "7"]
[EventCountry "FRA"]
[SourceTitle "EXT 1999"]
[Source "ChessBase"]
[SourceDate "1998.11.16"]
[SourceVersion "1"]
[SourceVersionDate "1998.11.16"]
[SourceQuality "1"]

1. e4 e6 2. d4 d5 3. Nd2 dxe4 4. Nxe4 Bd7 5. Bd3 Bc6 6. Nf3 Nd7 7. 0-0 Ngf6 8. Bg5 Be7 9. Nxf6+ Bxf6 10. Bxf6 Qxf6 11. c3 Bxf3 12. Qxf3 Qxf3 13. gxf3 0-0 14. Rfe1 Rfd8 15. Rad1 g6 16. Kg2 c6 17. Kg3 Nf6 18. Re5 Rd6 19. Rde1 Nh5+ 20. Kg4 Kg7 21. a3 f5+ 22. Kh4 Nf4 23. Bf1 Kf6 24. Kg3 g5 25. Bc4 Rg8 26. a4 Rg6 27. h3 Rh6 28. Rh1 Ng6 29. Ra5 a6 30. Re1 Nh4 31. Rae5 Kf7 32. R1e2 b5 33. axb5 axb5 34. Bb3 Ke7 35. f4 gxf4+ 36. Kxf4 Rg6 37. Ke3 Rf6 38. Kd3 Ng6 39. Kc2 Nf4 40. R2e3 Ng6 41. Rg3 Rd8 42. Re1 Kf7 43. Ra1 Rd7 44. Ra6 Ne7 45. Ra8 Rg6 46. Kd3 c5 47. Rxg6 hxg6 48. Ke3 cxd4+ 49. cxd4 Nc6 50. d5 exd5 51. Ra6 Ne5 52. Rb6 Nc4+ 53. Bxc4 dxc4 54. Rxb5 Rd3+ 55. Ke2 Rxh3 56. Rb4 c3 57. bxc3 Rxc3 58. f3 Kf6 59. Kf2 g5 60. Rb6+ Ke5 61. Rb5+ Ke6 62. Rb6+ Kd5 63. Rg6 g4 64. fxg4 1/2-1/2

[Event "FRA-chT"]
[Site "France"]
[Date "1996.??.??"]
[Round "?"]
[White "Coudray, Carine"]
[Black "Siebrecht, Raphaelle"]
[Result "0-1"]
[WhiteElo "2020"]
[BlackElo "2245"]
[PlyCount "71"]
[EventDate "1996.??.??"]
[EventType "team"]
[EventRounds "11"]
[EventCountry "FRA"]
[SourceTitle "CBM 055 Extra"]
[Source "ChessBase"]
[SourceDate "1997.01.01"]
[SourceVersion "1"]
[SourceVersionDate "1997.01.01"]
[SourceQuality "1"]

1. e4 e6 2. d3 Nc6 3. Nf3 e5 4. Be2 d6 5. 0-0 f5 6. exf5 Bxf5 7. c3 Be7 8. Na3 Nf6 9. Nc4 Nd7 10. Ne3 Be6 11. d4 Bf7 12. dxe5 Ndxe5 13. Nxe5 Nxe5 14. Nd5 0-0 15. Nxe7+ Qxe7 16. b3 Rae8 17. Ba3 Qf6 18. Qd2 Be6 19. f3 Qg6 20. Rae1 Kh8 21. Kh1 Bd7 22. Bd1 Bf5 23. Be2 Rf6 24. Bb5 Rb8 25. Qe3 Ra8 26. Qd2 a6 27. Be2 Rff8 28. Rg1 Bd7 29. Bd1 Rae8 30. Bc2 Qh5 31. Bc1 Bc6 32. Be4 Bxe4 33. fxe4 Ng4 34. h3 Nf2+ 35. Kh2 Qe5+ 36. g3 0-1

[Event "FRA-ch (Women)"]
[Site "Auxerre"]
[Date "1996.??.??"]
[Round "?"]
[White "Dubois, Martine"]
[Black "Siebrecht, Raphaelle"]
[Result "0-1"]
[WhiteElo "2035"]
[BlackElo "2230"]
[PlyCount "42"]
[EventDate "1996.??.??"]
[EventType "tourn"]
[EventRounds "9"]
[EventCountry "FRA"]
[SourceTitle "EXT 2004"]
[Source "ChessBase"]
[SourceDate "2003.11.25"]
[SourceVersion "1"]
[SourceVersionDate "2003.11.25"]
[SourceQuality "1"]

1. e4 e6 2. d4 d5 3. Nc3 Nf6 4. Bg5 Be7 5. e5 Nfd7 6. h4 a6 7. Qg4 Rg8 8. Bd3 g6 9. Bxe7 Qxe7 10. f4 c5 11. dxc5 Nc6 12. 0-0-0 Nxc5 13. Qg5 Qc7 14. Nf3 b5 15. Bxb5 axb5 16. Nxb5 Qb6 17. Nd6+ Kd7 18. Qf6 Rxa2 19. Nc4 Ra1+ 20. Kd2 Ne4+ 21. Kd3 Nb4+ 0-1

[Event "FRA-chT"]
[Site "France"]
[Date "1996.??.??"]
[Round "?"]
[White "Fruteau, Sabine"]
[Black "Siebrecht, Raphaelle"]
[Result "0-1"]
[WhiteElo "2190"]
[BlackElo "2245"]
[PlyCount "98"]
[EventDate "1996.??.??"]
[EventType "team"]
[EventRounds "11"]
[EventCountry "FRA"]
[SourceTitle "CBM 055 Extra"]
[Source "ChessBase"]
[SourceDate "1997.01.01"]
[SourceVersion "1"]
[SourceVersionDate "1997.01.01"]
[SourceQuality "1"]

1. e4 e6 2. d4 d5 3. e5 c5 4. c3 Nc6 5. Nf3 Bd7 6. a3 Rc8 7. b4 cxd4 8. cxd4 Nge7 9. Bb2 Nf5 10. Be2 Qb6 11. 0-0 Be7 12. Kh1 0-0 13. Nc3 Na5 14. Ra2 Nc4 15. Ba1 a5 16. Na4 Bxa4 17. Qxa4 axb4 18. axb4 Rc7 19. b5 f6 20. Bc3 Rcc8 21. Bd3 fxe5 22. dxe5 Qc7 23. Qb3 g6 24. h3 Nh4 25. Nxh4 Bxh4 26. Bb4 Rf7 27. Bxc4 Qxc4 28. Qxc4 Rxc4 29. Bd6 Be7 30. Ra8+ Kg7 31. Bxe7 Rxe7 32. Rfa1 Rb4 33. R1a5 Re4 34. Rb8 Rb4 35. Kh2 Rd7 36. Re8 d4 37. Rxe6 d3 38. Ra1 Rxb5 39. Rd1 Kf7 40. Rf6+ Ke7 41. Rf3 d2 42. Re3 Rc5 43. Re2 Rc2 44. Kg3 b5 45. Kf3 b4 46. Re3 Rb7 47. Rd3 b3 48. Ke3 b2 49. R3xd2 Rxd2 0-1

[Event "FRA-ch (Women)"]
[Site "Auxerre"]
[Date "1996.??.??"]
[Round "?"]
[White "Siebrecht, Raphaelle"]
[Black "Flear, Christine"]
[Result "0-1"]
[WhiteElo "2230"]
[BlackElo "2215"]
[PlyCount "76"]
[EventDate "1996.??.??"]
[EventType "tourn"]
[EventRounds "9"]
[EventCountry "FRA"]
[SourceTitle "EXT 2004"]
[Source "ChessBase"]
[SourceDate "2003.11.25"]
[SourceVersion "1"]
[SourceVersionDate "2003.11.25"]
[SourceQuality "1"]

1. c4 c5 2. g3 Nc6 3. Bg2 g6 4. Nc3 Bg7 5. d3 Nf6 6. Nf3 0-0 7. 0-0 d6 8. Rb1 Ne8 9. a3 Nc7 10. e3 Rb8 11. Qc2 a5 12. Bd2 Bd7 13. Ne2 b5 14. b3 Qc8 15. Bc1 Qa6 16. Nd2 Qa7 17. Bb2 bxc4 18. Bxg7 cxd3 19. Qxd3 Kxg7 20. f4 Nb5 21. Nc4 f5 22. h3 Qc7 23. Rbd1 h6 24. Bf3 Rf6 25. g4 fxg4 26. hxg4 Qc8 27. g5 hxg5 28. fxg5 Rf5 29. Nf4 Rxg5+ 30. Kf2 Bf5 31. e4 Bg4 32. Rg1 Nbd4 33. Bxg4 Rxg4 34. Rxg4 Qxg4 35. Qg3 Qxg3+ 36. Kxg3 Rxb3+ 37. Kh4 Rc3 38. Nb6 Ne5 0-1

[Event "FRA-chT"]
[Site "France"]
[Date "1996.??.??"]
[Round "?"]
[White "Siebrecht, Raphaelle"]
[Black "Laruelle, Joel"]
[Result "1/2-1/2"]
[WhiteElo "2245"]
[BlackElo "2085"]
[PlyCount "48"]
[EventDate "1996.??.??"]
[EventType "team"]
[EventRounds "11"]
[EventCountry "FRA"]
[SourceTitle "CBM 055 Extra"]
[Source "ChessBase"]
[SourceDate "1997.01.01"]
[SourceVersion "1"]
[SourceVersionDate "1997.01.01"]
[SourceQuality "1"]

1. c4 e5 2. g3 f5 3. Bg2 Nc6 4. e3 Nf6 5. Ne2 g6 6. 0-0 Bg7 7. d3 0-0 8. Nbc3 d6 9. Rb1 Be6 10. b3 d5 11. d4 exd4 12. Nf4 Bf7 13. Ncxd5 dxe3 14. Bxe3 Ne4 15. Rc1 Ne5 16. f3 Nd6 17. Bc5 Re8 18. Nxc7 Qxc7 19. Bxd6 Qa5 20. Qc2 Rad8 21. c5 Nc6 22. Rcd1 Bd4+ 23. Kh1 Nb4 24. Qb1 Bxc5 1/2-1/2

[Event "FRA-chT"]
[Site "France"]
[Date "1996.??.??"]
[Round "?"]
[White "Siebrecht, Raphaelle"]
[Black "Lebel Arias, Julia"]
[Result "1-0"]
[WhiteElo "2245"]
[BlackElo "2090"]
[PlyCount "62"]
[EventDate "1996.??.??"]
[EventType "team"]
[EventRounds "11"]
[EventCountry "FRA"]
[SourceTitle "CBM 055 Extra"]
[Source "ChessBase"]
[SourceDate "1997.01.01"]
[SourceVersion "1"]
[SourceVersionDate "1997.01.01"]
[SourceQuality "1"]

1. c4 b6 2. Nc3 Bb7 3. Nf3 Bxf3 4. exf3 c5 5. d4 cxd4 6. Qxd4 Nc6 7. Qd1 g6 8. Be2 Bg7 9. Be3 Rc8 10. Qd2 Na5 11. c5 bxc5 12. Ba6 Rc6 13. Bb5 Rd6 14. Qc2 Nb7 15. 0-0 Nf6 16. a4 0-0 17. Rfe1 a6 18. Bc4 Na5 19. Ba2 Rc6 20. Rad1 e6 21. Ne2 Qc7 22. Bf4 Qb6 23. Be5 d5 24. Qc3 Ne8 25. Bxg7 Nxg7 26. Nf4 c4 27. Ne2 Nb3 28. Bb1 Rb8 29. Qe5 Qc7 30. Qg5 e5 31. Qg4 Qe7 1-0

[Event "FRA-ch (Women)"]
[Site "Toulouse"]
[Date "1995.??.??"]
[Round "4"]
[White "Lebel Arias, Julia"]
[Black "Siebrecht, Raphaelle"]
[Result "0-1"]
[WhiteElo "2055"]
[BlackElo "2055"]
[PlyCount "52"]
[EventDate "1995.??.??"]
[EventType "tourn"]
[EventRounds "11"]
[EventCountry "FRA"]
[SourceTitle "EXT 1998"]
[Source "ChessBase"]
[SourceDate "1997.11.17"]
[SourceVersion "1"]
[SourceVersionDate "1997.11.17"]
[SourceQuality "1"]

1. b4 e5 2. a3 d6 3. c4 Nf6 4. Nc3 g6 5. Bb2 Bg7 6. e3 0-0 7. Qb3 Be6 8. Nf3 Ne8 9. d3 c6 10. a4 f5 11. Be2 Kh8 12. b5 Nd7 13. d4 e4 14. Nd2 Qg5 15. g3 a6 16. Rb1 axb5 17. axb5 c5 18. Nd5 Bxd5 19. cxd5 cxd4 20. exd4 Bh6 21. Nc4 f4 22. 0-0 f3 23. Bd1 Qg4 24. Kh1 Qh3 25. Rg1 Nef6 26. Bxf3 exf3 0-1

[Event "FRA-ch (Women)"]
[Site "Toulouse"]
[Date "1995.??.??"]
[Round "2"]
[White "Siebrecht, Raphaelle"]
[Black "Fruteau, Sabine"]
[Result "0-1"]
[WhiteElo "2055"]
[BlackElo "2215"]
[PlyCount "86"]
[EventDate "1995.??.??"]
[EventType "tourn"]
[EventRounds "11"]
[EventCountry "FRA"]
[SourceTitle "EXT 1998"]
[Source "ChessBase"]
[SourceDate "1997.11.17"]
[SourceVersion "1"]
[SourceVersionDate "1997.11.17"]
[SourceQuality "1"]

1. c4 e6 2. g3 Nf6 3. Bg2 d5 4. Nf3 Be7 5. 0-0 0-0 6. b3 c5 7. Bb2 Nc6 8. d3 d4 9. Na3 e5 10. Nc2 Bd7 11. Nfe1 Qc8 12. e4 Bh3 13. Bc1 Ne8 14. f4 Bxg2 15. Kxg2 f5 16. Qe2 Bd6 17. Bd2 fxe4 18. dxe4 Nf6 19. f5 Ne7 20. Nd3 Qc6 21. Rae1 a6 22. g4 b5 23. Nb2 Rad8 24. g5 Ne8 25. Qg4 Bc7 26. Rf3 d3 27. Ne3 Rd4 28. Nd5 Nxd5 29. cxd5 Qxd5 30. Bc3 c4 31. Nd1 Nd6 32. Bxd4 Qxd4 33. f6 g6 34. h4 Ba5 35. Rh1 Qxe4 36. Qe6+ Nf7 37. h5 Kh8 38. Nf2 Qxf3+ 39. Kxf3 Nxg5+ 40. Kg4 Nxe6 41. Ne4 Nf4 42. hxg6 Nxg6 43. Kf5 d2 0-1

[Event "FRA-chT"]
[Site "France"]
[Date "1995.??.??"]
[Round "9"]
[White "Wasylyk, Laure"]
[Black "Siebrecht, Raphaelle"]
[Result "0-1"]
[WhiteElo "2141"]
[BlackElo "2055"]
[PlyCount "46"]
[EventDate "1995.??.??"]
[EventType "team"]
[EventRounds "5"]
[EventCountry "FRA"]
[SourceTitle "EXT 2005"]
[Source "ChessBase"]
[SourceDate "2004.11.15"]
[SourceVersion "1"]
[SourceVersionDate "2004.11.15"]
[SourceQuality "1"]

1. e4 e6 2. d4 d5 3. Nc3 dxe4 4. Nxe4 Bd7 5. Nf3 Bc6 6. Bd3 Nd7 7. Bf4 Ngf6 8. Nxf6+ Nxf6 9. c3 Nh5 10. Be5 Bd6 11. 0-0 Nf4 12. Bc2 Bxe5 13. dxe5 Qe7 14. Ba4 b5 15. Qd2 Nh3+ 16. gxh3 bxa4 17. Nd4 Bb7 18. f4 h5 19. Qe2 a6 20. Rf2 Rh6 21. Kf1 Qc5 22. f5 Bd5 23. f6 Bc4 0-1